[Event "European Women Championship-2011"]
[Site "Tbilisi"]
[Date "2011.05.08"]
[Round "2"]
[White "Stefanova, Antoaneta"]
[Black "Kochetkova, Julia"]
[Result "1-0"]
[WhiteElo "2506"]
[BlackElo "2341"]
[PlyCount "61"]
[EventDate "2011.??.??"]
[TimeControl "5400"]

1. d4 d5 2. c4 e6 3. Nf3 Nf6 4. Nc3 dxc4 5. e4 Bb4 6. Bg5 h6 7. Bxf6 Qxf6 8.
Bxc4 c5 9. e5 Qd8 10. O-O cxd4 11. Ne4 O-O 12. Qe2 Bd7 13. Rfd1 Bc6 14. Rxd4
Qe7 15. Rad1 Nd7 16. Bb5 Rad8 17. Bxc6 bxc6 18. Qc4 c5 19. Rd6 Nb6 20. Qb5 Qe8
21. Qxe8 Rdxe8 22. a3 Ba5 23. Nxc5 Nc4 24. Ra6 Rd8 25. Rc1 Bc7 26. Nb7 Nxb2 27.
Nxd8 Rxd8 28. Rxa7 Bb6 29. Rb7 Bxf2+ 30. Kf1 Be3 31. Rcc7 1-0

[Event "European Women Championship-2011"]
[Site "Tbilisi"]
[Date "2011.05.08"]
[Round "2"]
[White "Mamedjarova, Zeinab"]
[Black "Cmilyte, Viktorija"]
[Result "0-1"]
[WhiteElo "2342"]
[BlackElo "2504"]
[PlyCount "54"]
[EventDate "2011.??.??"]
[TimeControl "5400"]

1. d4 Nf6 2. c4 e6 3. Nf3 c5 4. d5 exd5 5. cxd5 g6 6. Nc3 Bg7 7. e4 d6 8. Nd2
O-O 9. Be2 Nbd7 10. O-O a6 11. a4 Re8 12. Nc4 Nb6 13. f3 Nxc4 14. Bxc4 Nh5 15.
Be3 f5 16. Qd2 Bd7 17. Rfe1 Qa5 18. Kh1 Qb4 19. Bd3 f4 20. Bf2 Be5 21. Qc2 Qa5
22. Rec1 Qd8 23. a5 g5 24. Na4 g4 25. Nb6 g3 26. Nxd7 gxf2 27. Nxe5 Ng3+ 0-1

[Event "European Women Championship-2011"]
[Site "Tbilisi"]
[Date "2011.05.08"]
[Round "2"]
[White "Szczepkowska-Horowska, Karina"]
[Black "Khotenashvili, Bela"]
[Result "0-1"]
[WhiteElo "2336"]
[BlackElo "2470"]
[PlyCount "96"]
[EventDate "2011.??.??"]

1. d4 c6 2. e4 d5 3. e5 Bf5 4. Nf3 e6 5. a3 Ne7 6. Be2 Nd7 7. O-O Qb6 8. Nbd2
c5 9. dxc5 Nxc5 10. Nd4 a6 11. Nxf5 Nxf5 12. c4 Nd4 13. b4 Nxe2+ 14. Qxe2 Na4
15. Qd3 Qc6 16. cxd5 Qxd5 17. Qxd5 exd5 18. Nb3 Be7 19. Be3 Nb2 20. Bc5 Bxc5
21. Nxc5 b6 22. Nb3 Ke7 23. Ra2 Nc4 24. Rd1 Rhd8 25. Nd4 Rac8 26. f4 g6 27. Kf2
f6 28. Re1 fxe5 29. fxe5 Rf8+ 30. Kg3 g5 31. Rf2 Rxf2 32. Kxf2 Rf8+ 33. Kg1 Rf4
34. Nc6+ Ke6 35. a4 Re4 36. Rd1 Nxe5 37. Nd4+ Kf6 38. b5 a5 39. h3 Nc4 40. Nf3
Ne3 41. Rd3 g4 42. Nd2 Re5 43. Kf2 Nd1+ 44. Kg3 Nb2 45. Rd4 Re3+ 46. Kxg4 Ke5
47. Rf4 h5+ 48. Kg5 Rg3+ 0-1

[Event "European Women Championship-2011"]
[Site "Tbilisi"]
[Date "2011.05.08"]
[Round "2"]
[White "Cramling, Pia"]
[Black "Gvetadze, Sopio"]
[Result "1/2-1/2"]
[WhiteElo "2468"]
[BlackElo "2312"]
[PlyCount "100"]
[EventDate "2011.??.??"]
[TimeControl "5400"]

1. d4 d5 2. Nf3 Nf6 3. c4 c6 4. Nc3 dxc4 5. a4 Bf5 6. Ne5 Nbd7 7. Nxc4 Qc7 8.
Bg5 e5 9. e3 Bb4 10. Bxf6 gxf6 11. Bd3 Bg6 12. a5 O-O 13. O-O Rfd8 14. Bxg6
hxg6 15. Qb3 exd4 16. exd4 Bf8 17. Rfd1 Rab8 18. g3 f5 19. Rac1 Rbc8 20. Qa2
Nf6 21. a6 Nd5 22. axb7 Qxb7 23. Ne5 Nb4 24. Qc4 Kg7 25. Na4 Rd5 26. Nc3 Rdd8
27. Qb3 Qe7 28. Re1 Qf6 29. Qc4 Bd6 30. Na4 Bf8 31. Nc5 Bxc5 32. Qxc5 Qd6 33.
Qxa7 Rc7 34. Qa4 Rb8 35. Red1 Qd5 36. Nc4 Re7 37. Ne5 Rb6 38. Qa3 Reb7 39. Nc4
Ra6 40. Qb3 Rb5 41. Rb1 Ra8 42. Qc3 f4 43. Re1 Na2 44. Qd3 Nb4 45. Qc3 Na2 46.
Qd3 Nb4 47. Qc3 Na2 48. Qd3 Nb4 49. Qc3 Na2 50. Qd3 Nb4 1/2-1/2

[Event "European Women Championship-2011"]
[Site "Tbilisi"]
[Date "2011.05.08"]
[Round "2"]
[White "Stojanovic, Andjelija"]
[Black "Mkrtchian, Lilit"]
[Result "0-1"]
[WhiteElo "2326"]
[BlackElo "2468"]
[PlyCount "73"]
[EventDate "2011.??.??"]
[TimeControl "5400"]

1. c4 c5 2. Nf3 Nc6 3. g3 g6 4. Bg2 Bg7 5. O-O e6 6. Nc3 Nge7 7. d3 O-O 8. Bf4
d5 9. cxd5 exd5 10. Qd2 b6 11. a3 d4 12. Ne4 a5 13. Nd6 Be6 14. Nb5 Bb3 15. a4
Qd7 16. Ra3 Bd5 17. h4 Rac8 18. h5 gxh5 19. Kh2 Be6 20. Bh6 Ng6 21. Rh1 Bg4 22.
Bxg7 Kxg7 23. Ng5 Rce8 24. f3 Bf5 25. Kg1 h4 26. Ne4 Bxe4 27. dxe4 Qe7 28. gxh4
Qe5 29. Qg5 f6 30. Qxe5 fxe5 31. Nd6 Rb8 32. Kf2 Rf6 33. Nc4 h5 34. Bh3 Kh6 35.
Bd7 Nb4 36. Rg1 Rg8 37. Bf5 0-1

[Event "European Women Championship-2011"]
[Site "Tbilisi"]
[Date "2011.05.08"]
[Round "2"]
[White "Ushenina, Anna"]
[Black "Mammadova, Gulnar"]
[Result "1-0"]
[WhiteElo "2468"]
[BlackElo "2312"]
[PlyCount "81"]
[EventDate "2011.??.??"]

1. d4 Nf6 2. c4 g6 3. f3 d5 4. cxd5 Nxd5 5. e4 Nb6 6. Nc3 Bg7 7. Be3 O-O 8. Qd2
Nc6 9. O-O-O f5 10. e5 Nb4 11. Nh3 c6 12. Nf4 N4d5 13. h4 Nxe3 14. Qxe3 e6 15.
g4 Nd5 16. Ncxd5 exd5 17. g5 Qe8 18. Kb1 h5 19. gxh6 Bxh6 20. Bd3 Rf7 21. Rdg1
Rg7 22. Qd2 b6 23. Qh2 Bb7 24. Rg2 Qf7 25. Rhg1 Kh7 26. Nxg6 Rag8 27. h5 c5 28.
Re1 Bc8 29. e6 Bxe6 30. Qd6 Re8 31. Rge2 c4 32. Bc2 Bd7 33. Rxe8 Bxe8 34. Ne5
Qxh5 35. Qxd5 b5 36. a4 a6 37. Qe6 bxa4 38. Ng4 Bf7 39. Nf6+ Kg6 40. Nxh5+ Bxe6
41. Nxg7 1-0

[Event "European Women Championship-2011"]
[Site "Tbilisi"]
[Date "2011.05.08"]
[Round "2"]
[White "Charochkina, Daria"]
[Black "Arakhamia-Grant, Ketevan"]
[Result "0-1"]
[WhiteElo "2320"]
[BlackElo "2462"]
[PlyCount "78"]
[EventDate "2011.??.??"]

1. d4 Nf6 2. c4 c5 3. d5 e5 4. Nc3 d6 5. e4 Nbd7 6. g3 g6 7. Bg2 Bg7 8. Nge2
O-O 9. O-O Ne8 10. f4 f5 11. Rb1 a6 12. Be3 Nef6 13. exf5 gxf5 14. Bh3 Ng4 15.
Bxg4 fxg4 16. f5 b5 17. Ne4 Nf6 18. Bg5 bxc4 19. N2c3 h5 20. h3 Ra7 21. hxg4
hxg4 22. Bxf6 Bxf6 23. Qxg4+ Rg7 24. Qh5 Bg5 25. Rf3 Rxf5 26. Rxf5 Bxf5 27. Rf1
Bg4 28. Qxg4 Be3+ 29. Kg2 Rxg4 30. Nf6+ Kg7 31. Nxg4 Bd4 32. Ne4 Bxb2 33. Ne3
c3 34. Nxd6 c2 35. Ndf5+ Kh7 36. Rh1+ Kg6 37. Nh4+ Kg7 38. Nhf5+ Kf6 39. Rh6+
Kg5 0-1

[Event "European Women Championship-2011"]
[Site "Tbilisi"]
[Date "2011.05.08"]
[Round "2"]
[White "Kachiani-Gershinska, Ketino"]
[Black "Gaponenko, Inna"]
[Result "1/2-1/2"]
[WhiteElo "2309"]
[BlackElo "2455"]
[PlyCount "123"]
[EventDate "2011.??.??"]

1. c4 Nf6 2. Nc3 e6 3. e4 c5 4. Nf3 Nc6 5. Be2 d5 6. exd5 exd5 7. d4 Be7 8. O-O
O-O 9. cxd5 Nxd5 10. Nxd5 Qxd5 11. Be3 cxd4 12. Nxd4 Nxd4 13. Qxd4 Qxd4 14.
Bxd4 Rd8 15. Rfd1 Be6 16. Bf3 Bd5 17. Bxd5 Rxd5 18. Be3 Rxd1+ 19. Rxd1 b6 20.
Kf1 Rd8 21. Rxd8+ Bxd8 22. Ke2 Bf6 23. Kd3 Bxb2 24. Kc4 Kf8 25. Kb5 Be5 26. Ka6
Bxh2 27. Kxa7 b5 28. Kb6 Ke7 29. Kxb5 Kd7 30. a4 Kc7 31. a5 Be5 32. a6 h5 33.
Kc5 g6 34. Kd5 Bb2 35. Bd4 Ba3 36. Ke5 Be7 37. Be3 Kc6 38. f4 Kc7 39. Kd5 Ba3
40. Bd4 Bb4 41. Ke5 Be7 42. Kd5 Bb4 43. Be3 Ba3 44. f5 gxf5 45. Ke5 Be7 46.
Kxf5 Kc6 47. Bg5 Bc5 48. Kf6 Kb6 49. Kxf7 Kxa6 50. Kg6 Kb5 51. Kxh5 Kc6 52. Kg6
Kd7 53. Kf7 Bd6 54. g4 Bc5 55. Kf6 Ke8 56. Bh6 Bb4 57. Ke6 Be7 58. Bg7 Bg5 59.
Bf6 Be3 60. Be7 Bd2 61. Bd6 Be3 62. Kf6 1/2-1/2

[Event "European Women Championship-2011"]
[Site "Tbilisi"]
[Date "2011.05.08"]
[Round "2"]
[White "Javakhishvili, Lela"]
[Black "Daulyte, Deimante"]
[Result "1-0"]
[WhiteElo "2454"]
[BlackElo "2306"]
[PlyCount "81"]
[EventDate "2011.??.??"]

1. d4 Nf6 2. c4 g6 3. Nc3 d5 4. Nf3 Bg7 5. Qa4+ Nc6 6. e3 O-O 7. Bd2 Bg4 8. Be2
dxc4 9. Qxc4 a6 10. Rd1 Be6 11. Qd3 b5 12. b3 Qc8 13. e4 Rd8 14. d5 Bg4 15. O-O
e6 16. Bg5 h6 17. Bxf6 Bxf6 18. Qe3 Bxf3 19. Qxf3 Bxc3 20. Qxc3 Ne7 21. Qf6 Kf8
22. Bg4 Ng8 23. Qf3 Kg7 24. e5 h5 25. Bh3 Re8 26. dxe6 fxe6 27. Qc6 Re7 28.
Bxe6 Qxe6 29. Qxa8 Qxe5 30. Qxa6 Nf6 31. h3 Ne4 32. Qc6 Qf5 33. Rd5 Qf7 34. a4
bxa4 35. bxa4 Re6 36. Qc2 c6 37. Rd3 Rf6 38. Re3 Nd6 39. a5 Nc4 40. Re2 Nxa5
41. Qc3 1-0

[Event "European Women Championship-2011"]
[Site "Tbilisi"]
[Date "2011.05.08"]
[Round "2"]
[White "Manakova, Maria"]
[Black "Melia, Salome"]
[Result "1/2-1/2"]
[WhiteElo "2303"]
[BlackElo "2444"]
[PlyCount "103"]
[EventDate "2011.??.??"]

1. e4 c5 2. c3 d5 3. exd5 Qxd5 4. d4 Nf6 5. Nf3 Bg4 6. Be2 e6 7. O-O Nc6 8. h3
Bh5 9. Be3 cxd4 10. cxd4 Be7 11. Nc3 Qd6 12. Qb3 O-O 13. a3 a6 14. Rfd1 Rfd8
15. Rac1 b5 16. d5 Na5 17. Qa2 Nxd5 18. Nxd5 exd5 19. Bc5 Qf6 20. Rxd5 Bxf3 21.
Bxf3 Nc4 22. b3 Ne5 23. Be4 Rxd5 24. Bxd5 Rc8 25. Be3 Rxc1+ 26. Bxc1 Nd3 27.
Be3 Qc3 28. b4 Bd6 29. Bxf7+ Kf8 30. g3 Bxg3 31. Kg2 Qf6 32. Bd5 Nf4+ 33. Kf1
Nxd5 34. Qxd5 Bd6 35. Qa8+ Kf7 36. Qxa6 Qa1+ 37. Kg2 Qe5 38. Qb7+ Kg6 39. Qf3
h5 40. Qg3+ Qxg3+ 41. fxg3 Be5 42. Bc1 Kf5 43. Kf3 Bd4 44. g4+ hxg4+ 45. hxg4+
Ke5 46. Ke2 Ke4 47. Kd2 Bf6 48. Kc2 g5 49. Bb2 Bd8 50. Bg7 Be7 51. Kc3 Bd8 52.
Kc2 1/2-1/2

[Event "European Women Championship-2011"]
[Site "Tbilisi"]
[Date "2011.05.08"]
[Round "2"]
[White "Khurtsidze, Nino"]
[Black "Krivec, Jana"]
[Result "1-0"]
[WhiteElo "2436"]
[BlackElo "2296"]
[PlyCount "43"]
[EventDate "2011.??.??"]

1. d4 d5 2. c4 dxc4 3. e3 e5 4. Bxc4 exd4 5. exd4 Bd6 6. Nf3 Nf6 7. O-O O-O 8.
h3 h6 9. Nc3 a6 10. Ne5 b5 11. Qf3 Ra7 12. Bb3 c5 13. Be3 c4 14. Bc2 Bb7 15. d5
Bxe5 16. Bxa7 b4 17. Ne4 Nxd5 18. Nc5 Qc7 19. Bxb8 Rxb8 20. Nxb7 Nf6 21. Rad1
g6 22. Rfe1 1-0

[Event "European Women Championship-2011"]
[Site "Tbilisi"]
[Date "2011.05.08"]
[Round "2"]
[White "Nemcova, Katerina"]
[Black "Foisor, Cristina-Adela"]
[Result "1/2-1/2"]
[WhiteElo "2294"]
[BlackElo "2414"]
[PlyCount "43"]
[EventDate "2011.??.??"]

1. e4 c5 2. Nf3 e6 3. d4 cxd4 4. Nxd4 Nf6 5. Nc3 Nc6 6. Ndb5 Bb4 7. a3 Bxc3+ 8.
Nxc3 d5 9. exd5 exd5 10. Bd3 O-O 11. O-O d4 12. Ne2 Bg4 13. Bg5 Qd6 14. Qd2
Bxe2 15. Bf4 Qc5 16. Bxe2 Rfe8 17. Rfe1 Re6 18. b4 Qd5 19. Bf3 Qc4 20. Be2 Qd5
21. Bf3 Qc4 22. Be2 1/2-1/2

[Event "European Women Championship-2011"]
[Site "Tbilisi"]
[Date "2011.05.08"]
[Round "2"]
[White "Severiukhina, Zoia"]
[Black "Ovod, Evgenija"]
[Result "0-1"]
[WhiteElo "2291"]
[BlackElo "2404"]
[PlyCount "124"]
[EventDate "2011.??.??"]

1. e4 e5 2. Nf3 Nc6 3. Bb5 a6 4. Ba4 Nf6 5. O-O Be7 6. Re1 d6 7. c3 Bg4 8. h3
Bh5 9. d3 O-O 10. Nbd2 Nd7 11. Nf1 Nc5 12. Bc2 d5 13. Ng3 Bg6 14. b4 Ne6 15.
exd5 Qxd5 16. Bb2 Qd6 17. Qd2 Rad8 18. Rad1 Nf4 19. Qe3 Rfe8 20. Kh2 h5 21. Ne4
Qe6 22. Bb3 Qf5 23. Ng3 Qc8 24. d4 h4 25. Ne4 Nd5 26. Bxd5 Rxd5 27. c4 exd4 28.
Nxd4 Rxd4 29. Rxd4 Nxd4 30. Qxd4 f6 31. c5 Qe6 32. Bc3 Qf7 33. a3 Kh7 34. Nd2
f5 35. Nf3 Bf6 36. Ne5 Qb3 37. f4 Qxa3 38. Qc4 Qa4 39. Qd5 Rd8 40. Qxb7 Qc2 41.
Qf3 Be8 42. Re2 Qd1 43. Qe3 Bb5 44. Re1 Qc2 45. Rc1 Qa2 46. Qe1 Re8 47. Qd1 Kg8
48. Qf3 Rd8 49. Qh5 Qe6 50. Ng6 Be2 51. Qh8+ Kf7 52. Ne5+ Bxe5 53. Qxd8 Bxf4+
54. Kh1 Bxc1 55. Qxc7+ Qe7 56. Qc6 Bc4 57. Qf3 g6 58. Qd1 Be3 59. c6 Bb6 60.
Qd2 g5 61. Bb2 Kg6 62. Qc3 Bd5 0-1

[Event "European Women Championship-2011"]
[Site "Tbilisi"]
[Date "2011.05.08"]
[Round "2"]
[White "Isgandarova, Khayala"]
[Black "Batsiashvili, Nino"]
[Result "1/2-1/2"]
[WhiteElo "2143"]
[BlackElo "2399"]
[PlyCount "71"]
[EventDate "2011.??.??"]

1. e4 c6 2. d4 d5 3. Nc3 dxe4 4. Nxe4 Bf5 5. Ng3 Bg6 6. h4 h6 7. Nf3 Nd7 8. h5
Bh7 9. Bd3 Bxd3 10. Qxd3 e6 11. Bd2 Ngf6 12. O-O-O Be7 13. Qe2 Rc8 14. Kb1 O-O
15. Nf1 Kh8 16. g4 Nxg4 17. Rg1 f5 18. Qxe6 Rf6 19. Qe2 Bd6 20. Bc3 Qe8 21. Qd2
Qxh5 22. Ne5 Ndxe5 23. dxe5 Bxe5 24. f3 Bxc3 25. Qxc3 Nf2 26. Rd7 Rg8 27. Rdxg7
Rxg7 28. Qxf6 Qf7 29. Qxh6+ Kg8 30. Rxg7+ Qxg7 31. Qe6+ Qf7 32. Qe2 Qd7 33. Kc1
Qd4 34. c3 Qf4+ 35. Qe3 Qxe3+ 36. Nxe3 1/2-1/2

[Event "European Women Championship-2011"]
[Site "Tbilisi"]
[Date "2011.05.08"]
[Round "2"]
[White "Ibrahimova, Sabina"]
[Black "Galojan, Lilit"]
[Result "0-1"]
[WhiteElo "2078"]
[BlackElo "2377"]
[PlyCount "64"]
[EventDate "2011.??.??"]

1. e4 c5 2. Nf3 e6 3. d4 cxd4 4. Nxd4 Qc7 5. Nc3 Nc6 6. Be3 a6 7. a3 b5 8. Bd3
Bb7 9. O-O Nf6 10. Kh1 Be7 11. f4 d6 12. Nf3 O-O 13. Qe1 Rad8 14. Bd2 Nd7 15.
Qg3 Nc5 16. f5 Bf6 17. Bg5 Qe7 18. Rae1 Ne5 19. Bxf6 Qxf6 20. Ng5 exf5 21. exf5
Nexd3 22. cxd3 Rfe8 23. Rd1 h6 24. Nh3 d5 25. b4 d4 26. Nxb5 Re3 27. Qc7 Rc8
28. Qxc8+ Bxc8 29. bxc5 axb5 30. Nf2 Bxf5 31. Ne4 Qg6 32. Nf2 Qc6 0-1

[Event "European Women Championship-2011"]
[Site "?"]
[Date "2011.05.08"]
[Round "2"]
[White "Lomineishvili Maia"]
[Black "Melashvili Nino"]
[Result "1/2-1/2"]
[WhiteElo "2376"]
[BlackElo "2104"]
[PlyCount "67"]
[EventDate "2011.05.08"]
[SourceDate "2011.05.08"]

1. d4 d5 2. c4 e6 3. Nc3 Nf6 4. cxd5 exd5 5. Bg5 c6 6. e3 Nbd7 7. Bd3 Qa5 8.
Qc2 b5 9. Nf3 b4 10. Qa4 Qxa4 11. Nxa4 Ne4 12. Rc1 Bb7 13. Bxe4 dxe4 14. Nd2 c5
15. Nxc5 Nxc5 16. dxc5 Rc8 17. Nb3 Bd5 18. O-O f6 19. Bf4 Bxb3 20. axb3 Rxc5
21. Rxc5 Bxc5 22. Rc1 Bb6 23. Rc8+ Bd8 24. Ra8 O-O 25. Bd6 Be7 26. Rxf8+ Bxf8
27. Bxf8 Kxf8 28. f3 Ke7 29. Kf2 Ke6 30. Kg3 Kf5 31. Kh4 g6 32. g4+ Ke6 33. f4
Kd5 34. Kg3 1/2-1/2

[Event "European Women Championship-2011"]
[Site "?"]
[Date "2011.05.08"]
[Round "2"]
[White "Muzychuk Anna"]
[Black "Arabidze Meri"]
[Result "1-0"]
[WhiteElo "2537"]
[BlackElo "2277"]
[PlyCount "123"]
[EventDate "2011.05.08"]
[SourceDate "2011.05.08"]

1. e4 c6 2. d4 d5 3. Nc3 dxe4 4. Nxe4 Bf5 5. Ng3 Bg6 6. N1e2 Nf6 7. Nf4 e5 8.
dxe5 Qa5+ 9. c3 Qxe5+ 10. Qe2 Qxe2+ 11. Bxe2 Nbd7 12. O-O Bc5 13. Re1 O-O 14.
Nxg6 hxg6 15. Bf3 a5 16. Bf4 Rfe8 17. Kf1 Nb6 18. b3 Nbd5 19. Bd2 Rxe1+ 20.
Rxe1 Rd8 21. Rd1 Re8 22. Be1 Bb6 23. a3 Nf4 24. Ne2 Nxe2 25. Bxe2 Rd8 26. Rxd8+
Bxd8 27. Bd3 Nd5 28. g3 Nc7 29. Ke2 Ne6 30. f4 Kf8 31. Bf2 Ke7 32. h4 Kd6 33.
Kd2 Kc7 34. Bc4 Kd7 35. a4 Bc7 36. Kd3 Ke7 37. Ke4 b6 38. b4 axb4 39. cxb4 Nd8
40. Ba6 Kd6 41. Kd3 f6 42. Bc8 Nf7 43. Be3 Kd5 44. Bh3 Bd8 45. Bg2+ Kd6 46. Bd4
Nh6 47. Be4 Nf5 48. Bf2 Ne7 49. Kc4 f5 50. Bf3 Ng8 51. b5 c5 52. a5 Ne7 53. a6
Nc8 54. Bb7 Na7 55. Bd5 Ke7 56. Bc6 Bc7 57. Kd5 Kf7 58. Be1 Bb8 59. Bc3 Nc8 60.
Bb7 Ne7+ 61. Kc4 Ke6 62. Bxg7 1-0

[Event "European Women Championship-2011"]
[Site "?"]
[Date "2011.05.08"]
[Round "2"]
[White "Muzychuk Mariya"]
[Black "Semenova Elena"]
[Result "1-0"]
[WhiteElo "2473"]
[BlackElo "2188"]
[PlyCount "41"]
[EventDate "2011.05.08"]
[SourceDate "2011.05.08"]

1. e4 e5 2. Nf3 Nf6 3. Nc3 Nc6 4. d4 exd4 5. Nxd4 Bb4 6. Nxc6 bxc6 7. Bd3 d5 8.
exd5 cxd5 9. O-O O-O 10. Bg5 c6 11. Na4 h6 12. Bh4 Re8 13. c4 g5 14. Bg3 Ne4
15. Qc2 Bf5 16. Rfd1 Qf6 17. cxd5 cxd5 18. Qb3 Bc5 19. Bxe4 dxe4 20. Nxc5 Rac8
21. Rac1 1-0

[Event "European Women Championship-2011"]
[Site "?"]
[Date "2011.05.08"]
[Round "2"]
[White "Kharatyan Anahit"]
[Black "Pogonina Natalija"]
[Result "0-1"]
[WhiteElo "2064"]
[BlackElo "2448"]
[PlyCount "45"]
[EventDate "2011.05.08"]
[SourceDate "2011.05.08"]

1. e4 e5 2. Nf3 d6 3. d4 exd4 4. Nxd4 Nf6 5. Nc3 Be7 6. Be2 O-O 7. O-O Re8 8.
f4 Bf8 9. Bf3 c5 10. Nde2 Nc6 11. Kh1 Bd7 12. b3 Rb8 13. a4 a6 14. Bb2 b5 15.
axb5 axb5 16. Ng3 b4 17. Nb1 Nd4 18. Bxd4 cxd4 19. Qxd4 Qc8 20. Nd2 d5 21. exd5
Bc5 22. Qb2 Ng4 23. Nde4 0-1

[Event "European Women Championship-2011"]
[Site "?"]
[Date "2011.05.08"]
[Round "2"]
[White "Zawadzka Jolanta"]
[Black "Skrabakova Katarina"]
[Result "1-0"]
[WhiteElo "2400"]
[BlackElo "2071"]
[PlyCount "41"]
[EventDate "2011.05.08"]
[SourceDate "2011.05.08"]

1. e4 e6 2. d4 d5 3. Nc3 Nf6 4. e5 Nfd7 5. f4 c5 6. Nf3 Nc6 7. Be3 Be7 8. Qd2
O-O 9. Be2 a6 10. O-O b5 11. a3 Bb7 12. Rad1 Qb6 13. Kh1 cxd4 14. Bxd4 Bc5 15.
Bxc5 Qxc5 16. Bd3 Nb6 17. b4 Qe7 18. Qf2 Nc4 19. Bxh7+ Kh8 20. Ng5 f6 21. Bg6
1-0

[Event "European Women Championship-2011"]
[Site "?"]
[Date "2011.05.08"]
[Round "2"]
[White "Sharevich Anna"]
[Black "Hairapetian Anna"]
[Result "1/2-1/2"]
[WhiteElo "2378"]
[BlackElo "2128"]
[PlyCount "50"]
[EventDate "2011.05.08"]
[SourceDate "2011.05.08"]

1. d4 Nf6 2. c4 c5 3. d5 b5 4. cxb5 a6 5. bxa6 d6 6. Nc3 Bxa6 7. Nf3 g6 8. e4
Bxf1 9. Kxf1 Bg7 10. g3 Nbd7 11. Kg2 O-O 12. h3 Nb6 13. Re1 Qd7 14. Qe2 Ne8 15.
Bf4 Nc7 16. Rad1 Nb5 17. e5 Nxc3 18. bxc3 Ra3 19. Bc1 Ra5 20. Qc2 Rfa8 21. Qb3
Rb5 22. Qc2 Rba5 23. a3 c4 24. Qe4 Na4 25. Qc2 Nc5 1/2-1/2

[Event "European Women Championship-2011"]
[Site "?"]
[Date "2011.05.08"]
[Round "2"]
[White "Shaydullina Sandugach"]
[Black "Charkhalashvili Inga"]
[Result "0-1"]
[WhiteElo "2160"]
[BlackElo "2373"]
[PlyCount "120"]
[EventDate "2011.05.08"]
[SourceDate "2011.05.08"]

1. d4 Nf6 2. c4 e6 3. Nc3 d5 4. Nf3 Nbd7 5. Bf4 c6 6. e3 Be7 7. h3 O-O 8. c5 b6
9. b4 bxc5 10. bxc5 Qa5 11. Qd2 Bd8 12. Bd3 Bc7 13. O-O Re8 14. Bxc7 Qxc7 15.
e4 dxe4 16. Nxe4 Nxe4 17. Bxe4 Ba6 18. Rfc1 Rad8 19. Qb2 e5 20. Qc2 h6 21. Rd1
exd4 22. Nxd4 Bb7 23. Bd3 Re5 24. Nb3 Rde8 25. Bc4 Nf6 26. Rac1 Bc8 27. Qd2 Ne4
28. Qa5 Qe7 29. f4 Rf5 30. Rf1 Qf6 31. Qc7 Kh8 32. Bd3 Ng3 33. Rf3 Qh4 34. Kh2
Nh5 35. Bxf5 Bxf5 36. Qxf7 Nf6 37. Rg3 Rg8 38. Rf3 Be4 39. Rg3 Qxf4 40. Qc4 Nh5
41. Rcc3 Nxg3 42. Rxg3 Rd8 43. Qe6 Rd3 44. Qc8+ Kh7 45. Qg4 Qe5 46. Nc1 Rd2 47.
Kg1 Qxc5+ 48. Kh1 Qe5 49. Nb3 Rxa2 50. Re3 Ra4 51. Qe2 Qf5 52. Kg1 Bd5 53. Nd2
Ra1+ 54. Kh2 Qf4+ 55. Rg3 Ra3 56. Nf1 Ra2 57. Qxa2 Bxa2 58. Kg1 Bc4 59. Rf3
Qxf3 60. gxf3 Bxf1 0-1

[Event "European Women Championship-2011"]
[Site "?"]
[Date "2011.05.08"]
[Round "2"]
[White "Shamatava Ana"]
[Black "Sedina Elena"]
[Result "0-1"]
[WhiteElo "1917"]
[BlackElo "2351"]
[PlyCount "92"]
[EventDate "2011.05.08"]
[SourceDate "2011.05.08"]

1. e4 Nf6 2. e5 Nd5 3. d4 d6 4. Nf3 dxe5 5. Nxe5 c6 6. c4 Nb4 7. Be3 Bf5 8. Na3
Nd7 9. Nd3 e5 10. Nb1 exd4 11. Bxd4 Qe7+ 12. Be3 O-O-O 13. Nxb4 Qxb4+ 14. Qd2
Ne5 15. Qxb4 Bxb4+ 16. Nd2 Ng4 17. O-O-O Rhe8 18. a3 Nxe3 19. fxe3 Bc5 20. e4
Bg4 21. Nf3 Rxd1+ 22. Kxd1 Rxe4 23. Kd2 Be3+ 24. Kd3 Re7 25. Kc3 c5 26. Bd3 g6
27. h3 Bd7 28. b4 a6 29. b5 Kc7 30. a4 a5 31. Rf1 f5 32. h4 b6 33. Kc2 Bc8 34.
Kc3 Bh6 35. Ne1 Re3 36. Kc2 Be6 37. Nf3 Bc8 38. Ne1 Bb7 39. h5 Kd6 40. hxg6
hxg6 41. Rh1 Bg5 42. Kd1 Ke5 43. Rh7 Bxg2 44. Rg7 Kf6 45. Rd7 Bh3 46. Rb7 Bg4+
0-1

[Event "European Women Championship-2011"]
[Site "?"]
[Date "2011.05.08"]
[Round "2"]
[White "Guliyeva Sabina Ilqar Qizi"]
[Black "Mamedjarova Turkan"]
[Result "0-1"]
[WhiteElo "2040"]
[BlackElo "2322"]
[PlyCount "54"]
[EventDate "2011.05.08"]
[SourceDate "2011.05.08"]

1. e4 e5 2. Nf3 Nc6 3. Bc4 Bc5 4. O-O d6 5. h3 Nf6 6. d3 a6 7. Nc3 h6 8. Ne2
O-O 9. Ng3 Na5 10. a3 Nxc4 11. dxc4 a5 12. b3 Be6 13. Qd3 Nd7 14. Bb2 Re8 15.
Bc3 Qf6 16. b4 Bb6 17. Rfd1 Qg6 18. Nh4 Qg5 19. Nhf5 axb4 20. axb4 Rxa1 21.
Rxa1 h5 22. Be1 Qg6 23. Ra8 Rxa8 24. Ne7+ Kh7 25. Nxg6 fxg6 26. Nf1 Bd4 27. Ne3
Ra1 0-1

[Event "European Women Championship-2011"]
[Site "?"]
[Date "2011.05.08"]
[Round "2"]
[White "Zhukova Natalia"]
[Black "Makka Ioulia"]
[Result "1/2-1/2"]
[WhiteElo "2428"]
[BlackElo "2101"]
[PlyCount "83"]
[EventDate "2011.05.08"]
[SourceDate "2011.05.08"]

1. d4 Nf6 2. c4 e6 3. Nf3 b6 4. g3 Bb7 5. Bg2 Be7 6. O-O O-O 7. Re1 Na6 8. Ne5
Bxg2 9. Kxg2 Qe8 10. e4 d6 11. Nd3 Nd7 12. Nc3 e5 13. Be3 exd4 14. Bxd4 Bf6 15.
Bxf6 Nxf6 16. b4 Nb8 17. Nd5 Qd8 18. b5 Nxd5 19. exd5 a5 20. Re3 Re8 21. Rxe8+
Qxe8 22. Qg4 Nd7 23. Re1 Qd8 24. Re3 Nf6 25. Qe2 Qf8 26. Nf4 g6 27. g4 Re8 28.
g5 Rxe3 29. Qxe3 Ne8 30. Ne2 Ng7 31. Ng3 Qe8 32. Ne4 Nh5 33. Nf6+ Nxf6 34. gxf6
Qxe3 35. fxe3 Kf8 36. Kf3 Ke8 37. Kf4 h6 38. e4 Kd8 39. Kg4 Kd7 40. Kf4 Kd8 41.
Kg4 Kd7 42. Kf4 1/2-1/2

[Event "European Women Championship-2011"]
[Site "?"]
[Date "2011.05.08"]
[Round "2"]
[White "Shadrina Tatiana"]
[Black "Martirosyan Lia"]
[Result "1/2-1/2"]
[WhiteElo "2397"]
[BlackElo "2093"]
[PlyCount "121"]
[EventDate "2011.05.08"]
[SourceDate "2011.05.08"]

1. e4 c6 2. d4 d5 3. exd5 cxd5 4. Bd3 Nc6 5. c3 Nf6 6. h3 g6 7. Nf3 Qc7 8. O-O
Bg7 9. Re1 Nh5 10. Na3 a6 11. Be3 O-O 12. Qd2 b5 13. Nc2 f5 14. Bh6 Nf6 15. Qf4
Qxf4 16. Bxf4 Ne4 17. a4 bxa4 18. Rxa4 e5 19. Nxe5 Bxe5 20. Bxe5 Nxe5 21. dxe5
Nc5 22. Rd4 Be6 23. Bf1 Rfc8 24. Rb4 a5 25. Rb5 Bd7 26. Rb6 Rab8 27. Rxb8 Rxb8
28. b4 Nb3 29. bxa5 Nxa5 30. Ne3 Be6 31. Rd1 Rd8 32. f4 Kf8 33. Be2 Ke7 34. Kf2
Nb3 35. Bf3 d4 36. cxd4 Rxd4 37. Rxd4 Nxd4 38. Bb7 h5 39. Nd1 Bd7 40. Nc3 Bc6
41. Bxc6 Nxc6 42. Ke3 Ke6 43. Nb5 Ke7 44. g3 Kd7 45. Kd3 Nb4+ 46. Kc4 Nc2 47.
Nd4 Ne3+ 48. Kd3 Nf1 49. Ne2 Ke7 50. Kd4 Ke6 51. Kc5 Ke7 52. Kc6 Ke6 53. Nd4+
Ke7 54. Nf3 Nxg3 55. Nh4 Ne2 56. Nxg6+ Ke6 57. Kc7 Nxf4 58. Nxf4+ Kxe5 59. Nxh5
f4 60. Kd7 Kf5 61. Ke7 1/2-1/2

[Event "European Women Championship-2011"]
[Site "?"]
[Date "2011.05.08"]
[Round "2"]
[White "Khalafova Narmin Ilgar Qizi"]
[Black "Girya Olga"]
[Result "1-0"]
[WhiteElo "2065"]
[BlackElo "2394"]
[PlyCount "91"]
[EventDate "2011.05.08"]
[SourceDate "2011.05.08"]

1. e4 c6 2. d4 d5 3. Nc3 dxe4 4. Nxe4 Bf5 5. Ng3 Bg6 6. N1e2 e6 7. Nf4 Bd6 8.
c3 Nf6 9. h4 Bxf4 10. Bxf4 h6 11. Bc4 Nbd7 12. h5 Bh7 13. O-O O-O 14. a4 Nb6
15. Bb3 Nbd5 16. Bd2 a5 17. Qf3 Qe7 18. Rfe1 Rfd8 19. c4 Nb4 20. Bc3 Rab8 21.
Re5 Qc7 22. Rd1 Nd7 23. Re2 b5 24. d5 cxd5 25. cxd5 e5 26. d6 Qc5 27. Qxf7+ Kh8
28. Nf5 Bxf5 29. Qxf5 bxa4 30. Bxa4 Nc6 31. Bc2 Nf6 32. Bxe5 Nxe5 33. Rxe5 Qc4
34. b3 Qc6 35. Rc5 Qb6 36. Rcd5 Rbc8 37. d7 Rxc2 38. Qxc2 Nxd5 39. Rxd5 Qb7 40.
Qe4 Qc6 41. g3 Qa8 42. Qe7 Kh7 43. Rf5 Rg8 44. Rf7 a4 45. d8=Q Qxd8 46. Rxg7+
1-0